000 00359nam a2200145Ia 4500
008 210716s1998 xx 000 0 und d
041 _aeng
082 _a658.3 AQUP
100 _aAquinas, Paul G.
245 _aPersonnel management.
250 _a1
260 _aMangalore
_bUnited Publishers
_c1998
300 _a240
650 _aHuman Resource Management
999 _c199229
_d199229